| 000 | 00863nam a2200241 i 4500 | ||
|---|---|---|---|
| 001 | 178962 | ||
| 003 | ES-MaACL | ||
| 005 | 20260213124328.0 | ||
| 008 | 110816s1906 fr |||| | fre d | ||
| 100 | 1 |
_aHauser, Henri. _962113 |
|
| 245 | 1 | 0 |
_aOuvriers du temps passé : _b(XVe-XVIe siècles) / _cpar Henri Hauser. |
| 250 | _a2ème éd. rev., corr. et aum. | ||
| 260 |
_aParis : _bFélix Alcan, _c1906. |
||
| 300 |
_aXLIII, 268 p. ; _c22 cm. |
||
| 490 | 1 |
_aBibliothèque générale des sciences sociales ; _v3 |
|
| 530 | _aDisponible en formato digital. | ||
| 650 | 4 |
_aTrabajo- _zFrancia _917596 |
|
| 830 | 1 | 0 |
_aBibliothèque générale des sciences sociales _v3 _9187778 |
| 852 | 4 |
_aES-MaACL _jC-23083 _cDEPO2 |
|
| 856 | 4 |
_uhttps://archive.org/details/ouvriersdutemps00hausgoog _yInternet Archive |
|
| 942 | _2udc | ||
| 999 |
_c178962 _d178962 |
||